| 000 | 00451cam a2200169Ia 4500 | ||
|---|---|---|---|
| 020 | _a0393947513 (pbk.) : | ||
| 040 | _cJBW | ||
| 082 | 0 | 0 | _a820 NOR 2001 A094 Or. |
| 245 | 0 | 4 | _aThe Norton anthology of English literature. |
| 250 | _a7th ed. | ||
| 260 |
_aNew York : _bNorton, _cc2001. |
||
| 300 |
_alv, 2870 p. : _bill., maps ; _c25 cm. |
||
| 650 | 0 | _aEnglish literature. | |
| 700 | 1 | _aAbrams, M. H. | |
| 700 | 1 | _aGreenblatt, Stephen, | |
| 942 | _cEK | ||
| 999 |
_c13831 _d13831 |
||